| 000 | 01097cad a22002295a 4500 | ||
|---|---|---|---|
| 001 | L156447 | ||
| 008 | 120523s2011 xxk f 000 0 eng d | ||
| 035 | _a(Sirsi) u156447 | ||
| 041 | 0 | _aeng | |
| 110 | 0 |
_aMcGraw-Hill Construction _95916 |
|
| 245 | 0 | 0 |
_aMitigation of risk in construction _bstrategies for reducing risk and maximizing profitability _h[electronic resource] |
| 260 |
_a[S.l.] _bMcGraw-Hill _c2011 |
||
| 490 | 0 | _aSmartMarket Report | |
| 520 | _aThis report provides insights on how to improve the bottom line and increasing productivity on projects by examining the impact of risk on the construction industry and strategies used by owners, architects, engineers and contractors to mitigate risk. | ||
| 590 | _aKA | ||
| 651 | 4 | _aNorth America | |
| 690 |
_aConstruction management _96230 |
||
| 710 | 1 | _aAutodesk | |
| 710 | 1 |
_aAmerican Society of Civil Engineers _93104 |
|
| 856 | 4 | 0 |
_uhttps://analyticsstore.construction.com/index.php/smartmarket-report-risk-mitigation-2011.html _zFree registration here to download the market research report ://construction.com |
| 942 | _n0 | ||
| 999 |
_c114256 _d114256 |
||